000 00217nam a2200097Ia 4500
008 240331s9999 xx 000 0 und d
082 _bBAK
100 _aBakthavathsala, B.C
245 0 _aPanpattu manitaviyal
942 _cL
999 _c2074
_d2074